000 00497cam a2200145 4500500
005 20260322003957.0
041 _afre
042 _adc
100 1 0 _aVallin, Pierre
_eauthor
245 0 0 _aFrançoise Hildesheimer , La Double mort du roi Louis XIII , Flammarion, 2007, 428 pages, 22,50 ?
260 _c2008.
500 _a27
786 0 _nÉtudes | 408 | 3 | 2008-03-01 | p. XV-XV | 0014-1941
856 4 1 _uhttps://shs.cairn.info/revue-etudes-2008-3-page-XV?lang=fr&redirect-ssocas=7080
999 _c1736481
_d1736481